Advertising and the Mind of the Consumer (Record no. 2210)

MARC details
000 -LEADER
fixed length control field 00443nam a22001697a 4500
005 - DATE AND TIME OF LATEST TRANSACTION
control field 20260509141937.0
008 - FIXED-LENGTH DATA ELEMENTS--GENERAL INFORMATION
fixed length control field 160531b xxu||||| |||| 00| 0 eng d
020 ## - INTERNATIONAL STANDARD BOOK NUMBER
ISBN 1-6508-231-7
041 ## - LANGUAGE CODE
Language code of text/sound track or separate title eng
082 ## - DEWEY DECIMAL CLASSIFICATION NUMBER
Classification number 659.1
100 ## - MAIN ENTRY--AUTHOR NAME
Personal name Sutherlaud, Max and other
245 ## - TITLE STATEMENT
Title Advertising and the Mind of the Consumer
260 ## - PUBLICATION, DISTRIBUTION, ETC. (IMPRINT)
Place of publication New Delhi
Name of publisher Vikas Publishing House (P) Ltd.
Year of publication 2004
300 ## - PHYSICAL DESCRIPTION
Number of Pages 315
650 ## - SUBJECT ADDED ENTRY--TOPICAL TERM
Topical Term Management
942 ## - ADDED ENTRY ELEMENTS (KOHA)
Koha item type Books
Holdings
Lost status Damaged status Collection code Home library Current library Shelving location Date acquired Cost, normal purchase price Full call number Accession Number Koha item type
    MANAGEMENT JRU Library JRU Library SHELF-73-D 31/05/2016 395.00 659.1 6243 Books
    Reference JRU Library   SHELF-29-G 31/05/2016 395.00 6243 6244 Books
    MANAGEMENT JRU Library JRU Library SHELF-73-D 31/05/2016 395.00 659.1 6245 Books
    MANAGEMENT JRU Library JRU Library SHELF-38-K 31/05/2016 395.00 6243 6246 Books